|
|
|
|
| LEADER |
02182nam a2200553 a 4500 |
| 001 |
nkc20142649437 |
| 003 |
CZ PrNK |
| 005 |
20160817103053.0 |
| 007 |
ta |
| 008 |
141208s2014 xr aeh e 001 0 cze |
| 015 |
|
|
|a cnb002649437
|
| 020 |
|
|
|a 978-80-87073-75-9
|q (Foibos Books ;
|q váz.)
|
| 035 |
|
|
|a (OCoLC)903090605
|
| 040 |
|
|
|a ABA001
|b cze
|
| 043 |
|
|
|a e-xr---
|b e-xr-pg
|2 czenas
|
| 072 |
|
7 |
|a 72
|x Architektura
|2 Konspekt
|9 21
|
| 080 |
|
|
|a 72:904
|2 MRF
|
| 080 |
|
|
|a 904:72
|2 MRF
|
| 080 |
|
|
|a 69.01/.03
|2 MRF
|
| 080 |
|
|
|a (437.311)
|2 MRF
|
| 080 |
|
|
|a (048.8)
|2 MRF
|
| 080 |
|
|
|a (084.12)
|2 MRF
|
| 245 |
0 |
0 |
|a Slavné stavby v Praze - Troji /
|c Petr Krajči (ed.) ... [et al.] ; fotografie Jiří Podrazil
|
| 250 |
|
|
|a 1. vyd. v jazyce českém
|
| 260 |
|
|
|a Praha :
|b Foibos Books ve spolupráci s Městskou částí Praha-Troja,
|c 2014
|
| 300 |
|
|
|a 242 s. :
|b il. (převážně barev.), plány, faksim. ;
|c 24 cm
|
| 504 |
|
|
|a Obsahuje bibliografii a rejstřík
|
| 650 |
0 |
7 |
|a architektonické památky
|7 ph118585
|z Česko
|2 czenas
|
| 650 |
0 |
7 |
|a historické stavby
|7 ph120730
|z Česko
|2 czenas
|
| 650 |
0 |
7 |
|a stavby
|7 ph116274
|z Česko
|2 czenas
|
| 650 |
0 |
9 |
|a architectural monuments
|z Czechia
|2 eczenas
|
| 650 |
0 |
9 |
|a historic buildings
|z Czechia
|2 eczenas
|
| 650 |
0 |
9 |
|a buildings
|z Czechia
|2 eczenas
|
| 651 |
|
7 |
|a Troja (Praha, Česko)
|7 ge128594
|2 czenas
|
| 651 |
|
9 |
|a Troja (Prague, Czechia)
|2 eczenas
|
| 655 |
|
7 |
|a přehledy
|7 fd133202
|2 czenas
|
| 655 |
|
7 |
|a fotografické publikace
|7 fd132276
|2 czenas
|
| 655 |
|
9 |
|a surveys
|2 eczenas
|
| 655 |
|
9 |
|a photographical works
|2 eczenas
|
| 700 |
1 |
|
|a Krajči, Petr,
|d 1955-
|7 xx0021422
|4 aut
|4 edt
|
| 700 |
1 |
|
|a Podrazil, Jiří,
|d 1962-
|7 mzk2004148558
|4 pht
|
| 910 |
2 |
|
|a BOA001
|b 2-1342.184
|
| 928 |
9 |
|
|a Městská část Praha-Troja
|
| 990 |
|
|
|a BK
|
| 995 |
|
|
|a 01
|
| 991 |
|
|
|b 201502
|c NOV
|e n
|
| 996 |
6 |
|
|b 2610620770
|c 2-1342.184
|l MZK
|r Sklad / do 1 hodiny
|n 1
|p p.v.
|w 001487682
|u 000010
|a 1
|e BOA001
|j MZK50
|s P
|
| 996 |
6 |
|
|b 2610627897
|c 2-1342.184
|l MZK
|r STM 6p
|n 0
|p kup
|h 72 SLA
|w 001487682
|u 000020
|a 0
|e BOA001
|j MZK50
|s P
|
| 996 |
7 |
|
|b 2610627898
|c 2-1342.184
|l MZK
|r Sklad / do 1 hodiny
|n 4
|p kup
|w 001487682
|u 000030
|a 1
|e BOA001
|j MZK50
|s A
|